En una silla de ruedas, relato con una polifonía de voces que connotan expresividad

Збережено в:
Бібліографічні деталі
Автор: Rojas Martí, Francisco De Paula
Формат: Книга
Мова:Spanish
Опубліковано: San José, Costa Rica Escuela de Filología, Lingüística y Literatura, Universidad de Costa Rica 1979
Предмети:
Теги: Додати тег
Немає тегів, Будьте першим, хто поставить тег для цього запису!

MARC

LEADER 00000nam a2200000Ia 4500
008 170316s9999 xx 000 0 spa d
040 |a cru BVZT 
090 |a TESIS 182 
100 |a Rojas Martí, Francisco De Paula 
245 |a En una silla de ruedas, relato con una polifonía de voces que connotan expresividad 
260 |a San José, Costa Rica 
260 |b Escuela de Filología, Lingüística y Literatura, Universidad de Costa Rica 
260 |c 1979 
300 |a 198 páginas 
650 |a LICENCIATURA EN FILOLOGÍA ESPAÑOLA 
650 |a TRABAJO FINAL DE GRADUACIÓN 
650 |a EN UNA SILLA DE RUEDAS 
999 |c 13792  |d 13792 
942 |c TFG  |h TESIS 182  |2 z